• 首页
  • 本馆介绍
  • 公告通知
  • 最新文献
  • 馆藏检索
  • 电子资源
  • 读者导购
  • 参考咨询
  • 我的图书馆
  • 登录
  • 详细信息显示
  • 放入我的书架
  • 预约/预借图书
  • 作者相关作品
  • 分类相关作品
  • 丛书相关作品
  • 出版社相关作品

书目信息

  • 表格格式
  • 工作单格式
  • 卡片格式
题名:
肉用野猪的舍饲与繁殖技术
    
 
作者: 陈宗刚 , 张志新 主编
分册:  
出版信息: 北京   科学技术文献出版社  2007
页数: 221页
开本: 21cm
丛书名:
单 册:
中图分类: S864.5
科图分类:
主题词: 肉用型--野猪--饲养管理 , 肉用型 , 野猪 , 饲养管理
电子资源:
ISBN: 978-7-5023-5785-6
000 00883nam0 2200277 45
001 1050697187
005 20100420094100.42
010    @a978-7-5023-5785-6@dCNY10.00
100    @a20100408d2007 ekmy0chiy0120 ea
101 0  @achi
102    @aCN@b110000
105    @ay z 000yy
106    @ar
200 1  @a肉用野猪的舍饲与繁殖技术@ARou Yong Ye Zhu De She Si Yu Fan Zhi Ji Shu@f陈宗刚,张志新主编@FChen Zong Gang, Zhang Zhi Xin Zhu Bian
210    @a北京@c科学技术文献出版社@d2007
215    @a221页@d21cm
330    @a本书介绍了肉用野猪舍场建设、繁育、营养需要、饲养管理、疾病防治等技术。
606 0  @a肉用型@x野猪@x饲养管理
606 0  @a肉用型
606 0  @a野猪
606 0  @a饲养管理
690    @aS864.5@v4
701  0 @a陈宗刚@AChen Zong Gang@4主编
701  0 @a张志新@AZhang Zhi Xin@4主编
801  0 @aCN@bTANGWEI@c20100420
905    @b0589607-11@dS864.5@e83@f5
    
    肉用野猪的舍饲与繁殖技术/陈宗刚,张志新主编.-北京:科学技术文献出版社,2007
    221页;21cm
    
    
    ISBN 978-7-5023-5785-6:CNY10.00
    本书介绍了肉用野猪舍场建设、繁育、营养需要、饲养管理、疾病防治等技术。
●
相关链接 在E读中查询图书 在五车中查询图书 在当当中查询图书 在豆瓣中查询图书


正题名:肉用野猪的舍饲与繁殖技术     索取号:S864.5/83         预约/预借

序号 登录号 条形码 馆藏地/架位号 状态 备注
1 0589607   205896075   第二样本阅览室/ [索取号:S864.5/83] 在馆    
2 0589608   205896084   第三借阅区/ [索取号:S864.5/83] 在馆    
3 0589609   205896093   第三借阅区/ [索取号:S864.5/83] 在馆    
4 0589610   205896100   第三借阅区/ [索取号:S864.5/83] 在馆    
5 0589611   205896119   第三借阅区/ [索取号:S864.5/83] 在馆    
唐山师范学院图书馆 欢迎您!
大连网信软件有限公司© 版权所有